[Event "Hull 4NCL International GM Event"]
[Site "Hull"]
[Date "2019.11.01"]
[Round "5"]
[Board "2"]
[White "Palliser, Richard J D"]
[Black "Plat, Vojtech"]
[Result "0-1"]
[WhiteElo "2413"]
[BlackElo "2573"]
[PlyCount "0"]
[EventDate "2019.10.30"]
[EventRounds "9"]
[EventCountry "ENG"]

1. d4 {[%clk 01:30:57]} {[%emt 00:00:02]} d6 {[%clk 01:30:55]} {[%emt
00:00:06]} 2. Nf3 {[%clk 01:30:25]} {[%emt 00:01:02]} Bg4 {[%clk 01:31:20]}
{[%emt 00:00:05]} 3. e4 {[%clk 01:30:44]} {[%emt 00:00:11]} Nd7 {[%clk
01:31:22]} {[%emt 00:00:28]} 4. Nc3 {[%clk 01:31:08]} {[%emt 00:00:06]} c6
{[%clk 01:31:41]} {[%emt 00:00:11]} 5. h3 {[%clk 01:31:22]} {[%emt 00:00:15]}
Bxf3 {[%clk 01:31:40]} {[%emt 00:00:31]} 6. Qxf3 {[%clk 01:31:40]} {[%emt
00:00:12]} e5 {[%clk 01:32:06]} {[%emt 00:00:05]} 7. Be3 {[%clk 01:29:59]}
{[%emt 00:02:11]} g6 {[%clk 01:31:37]} {[%emt 00:00:58]} 8. dxe5 {[%clk
01:25:16]} {[%emt 00:05:14]} dxe5 {[%clk 01:30:11]} {[%emt 00:01:56]} 9. O-O-O
{[%clk 01:25:39]} {[%emt 00:00:07]} Qf6 {[%clk 01:26:24]} {[%emt 00:04:17]} 10.
Qg4 {[%clk 01:20:11]} {[%emt 00:05:58]} Qe6 {[%clk 01:19:59]} {[%emt 00:06:55]}
11. Bc4 {[%clk 01:14:46]} {[%emt 00:05:55]} Qxg4 {[%clk 01:19:46]} {[%emt
00:00:42]} 12. hxg4 {[%clk 01:15:14]} {[%emt 00:00:02]} Nb6 {[%clk 01:18:27]}
{[%emt 00:01:50]} 13. Bb3 {[%clk 01:04:31]} {[%emt 00:11:13]} Nf6 {[%clk
01:18:31]} {[%emt 00:00:25]} 14. Rh4 {[%clk 01:04:14]} {[%emt 00:00:48]} h5
{[%clk 01:17:48]} {[%emt 00:01:14]} 15. Rdh1 {[%clk 00:57:33]} {[%emt
00:07:11]} Rg8 {[%clk 01:17:01]} {[%emt 00:01:16]} 16. g5 {[%clk 00:50:11]}
{[%emt 00:07:52]} Ng4 {[%clk 01:17:04]} {[%emt 00:00:28]} 17. Bd2 {[%clk
00:50:26]} {[%emt 00:00:15]} Bc5 {[%clk 01:14:57]} {[%emt 00:02:36]} 18. Nd1
{[%clk 00:43:10]} {[%emt 00:07:45]} Rd8 {[%clk 01:11:25]} {[%emt 00:04:03]} 19.
Rf1 {[%clk 00:43:05]} {[%emt 00:00:35]} Be7 {[%clk 01:11:41]} {[%emt 00:00:13]}
20. Rh3 {[%clk 00:41:06]} {[%emt 00:02:29]} Rxd2 {[%clk 01:11:54]} {[%emt
00:00:17]} 21. Kxd2 {[%clk 00:41:32]} {[%emt 00:00:04]} Bxg5+ {[%clk 01:12:20]}
{[%emt 00:00:04]} 22. Ke2 {[%clk 00:41:57]} {[%emt 00:00:05]} Ke7 {[%clk
01:11:42]} {[%emt 00:01:08]} 23. Rd3 {[%clk 00:39:21]} {[%emt 00:03:06]} Nf6
{[%clk 01:11:43]} {[%emt 00:00:28]} 24. g3 {[%clk 00:38:56]} {[%emt 00:00:55]}
Nbd7 {[%clk 01:09:17]} {[%emt 00:02:56]} 25. f4 {[%clk 00:36:35]} {[%emt
00:02:52]} Bh6 {[%clk 01:09:42]} {[%emt 00:00:04]} 26. Rdf3 {[%clk 00:34:01]}
{[%emt 00:03:03]} exf4 {[%clk 01:04:36]} {[%emt 00:05:36]} 27. gxf4 {[%clk
00:33:55]} {[%emt 00:00:36]} Ng4 {[%clk 01:04:54]} {[%emt 00:00:13]} 28. Rh3
{[%clk 00:28:10]} {[%emt 00:06:15]} Nc5 {[%clk 01:04:35]} {[%emt 00:00:49]} 29.
Ne3 {[%clk 00:27:36]} {[%emt 00:01:04]} Nxe3 {[%clk 00:59:26]} {[%emt
00:05:39]} 30. Rxe3 {[%clk 00:24:07]} {[%emt 00:03:58]} Rd8 {[%clk 00:59:54]}
{[%emt 00:00:04]} 31. c3 {[%clk 00:23:30]} {[%emt 00:01:07]} a5 {[%clk
01:00:19]} {[%emt 00:00:05]} 32. Bc2 {[%clk 00:23:37]} {[%emt 00:00:22]} Ne6
{[%clk 01:00:33]} {[%emt 00:00:16]} 33. Ref3 {[%clk 00:23:43]} {[%emt
00:00:24]} f6 {[%clk 01:00:22]} {[%emt 00:00:41]} 34. Bb3 {[%clk 00:22:19]}
{[%emt 00:01:55]} Nc5 {[%clk 01:00:29]} {[%emt 00:00:22]} 35. Bc2 {[%clk
00:13:49]} {[%emt 00:09:00]} h4 {[%clk 00:59:18]} {[%emt 00:01:41]} 36. Rg1
{[%clk 00:05:07]} {[%emt 00:09:11]} Ne6 {[%clk 00:58:36]} {[%emt 00:01:13]} 37.
Rgf1 {[%clk 00:04:38]} {[%emt 00:00:59]} g5 {[%clk 00:58:26]} {[%emt 00:00:40]}
38. fxg5 {[%clk 00:04:57]} {[%emt 00:00:11]} Bxg5 {[%clk 00:58:52]} {[%emt
00:00:04]} 39. Bd3 {[%clk 00:03:58]} {[%emt 00:01:30]} b6 {[%clk 00:58:57]}
{[%emt 00:00:25]} 40. Rf5 {[%clk 00:02:55]} {[%emt 00:01:32]} Ng7 {[%clk
00:57:47]} {[%emt 00:01:40]} 41. R5f3 {[%clk 00:01:51]} {[%emt 00:01:34]} Nh5
{[%clk 00:58:02]} {[%emt 00:00:15]} 42. Kf2 {[%clk 00:01:48]} {[%emt 00:00:33]}
Bf4 {[%clk 00:56:58]} {[%emt 00:01:34]} 43. Rd1 {[%clk 00:00:58]} {[%emt
00:01:20]} Bd6 {[%clk 00:56:15]} {[%emt 00:01:12]} 44. Rf5 {[%clk 00:00:49]}
{[%emt 00:00:39]} Rh8 {[%clk 00:55:19]} {[%emt 00:01:26]} 45. Be2 {[%clk
00:00:55]} {[%emt 00:00:25]} Ng3 {[%clk 00:55:42]} {[%emt 00:00:07]} 46. Rf3
{[%clk 00:00:39]} {[%emt 00:00:44]} Nxe4+ {[%clk 00:55:45]} {[%emt 00:00:28]}
47. Ke3 {[%clk 00:00:40]} {[%emt 00:00:29]} Ng3 {[%clk 00:55:31]} {[%emt
00:00:44]}  0-1

[Event "Hull 4NCL International GM Event"]
[Site "Hull"]
[Date "2019.11.01"]
[Round "5"]
[Board "3"]
[White "Greet, Andrew N"]
[Black "Turner, Matthew J"]
[Result "1/2-1/2"]
[WhiteElo "2414"]
[BlackElo "2519"]
[PlyCount "0"]
[EventDate "2019.10.30"]
[EventRounds "9"]
[EventCountry "ENG"]

1. d4 {[%clk 01:30:56]} {[%emt 00:00:03]} d5 {[%clk 01:30:44]} {[%emt
00:00:16]} 2. Nf3 {[%clk 01:31:08]} {[%emt 00:00:18]} Nf6 {[%clk 01:30:55]}
{[%emt 00:00:19]} 3. c4 {[%clk 01:30:56]} {[%emt 00:00:41]} c6 {[%clk
01:31:07]} {[%emt 00:00:19]} 4. e3 {[%clk 01:30:44]} {[%emt 00:00:43]} Bg4
{[%clk 01:29:59]} {[%emt 00:01:38]} 5. h3 {[%clk 01:27:54]} {[%emt 00:03:20]}
Bxf3 {[%clk 01:29:59]} {[%emt 00:00:30]} 6. Qxf3 {[%clk 01:28:17]} {[%emt
00:00:07]} e6 {[%clk 01:30:01]} {[%emt 00:00:28]} 7. Nc3 {[%clk 01:28:28]}
{[%emt 00:00:19]} Nbd7 {[%clk 01:30:08]} {[%emt 00:00:23]} 8. Bd2 {[%clk
01:24:38]} {[%emt 00:04:20]} Be7 {[%clk 01:26:58]} {[%emt 00:03:40]} 9. cxd5
{[%clk 01:18:38]} {[%emt 00:06:30]} cxd5 {[%clk 01:25:42]} {[%emt 00:01:46]} 10.
Bd3 {[%clk 01:16:58]} {[%emt 00:02:10]} O-O {[%clk 01:24:46]} {[%emt 00:01:26]}
11. O-O {[%clk 01:16:24]} {[%emt 00:01:04]} Nb6 {[%clk 01:22:44]} {[%emt
00:02:33]} 12. Rfc1 {[%clk 01:13:20]} {[%emt 00:03:34]} Rc8 {[%clk 01:20:27]}
{[%emt 00:02:46]} 13. Rc2 {[%clk 01:12:43]} {[%emt 00:01:07]} a6 {[%clk
01:15:44]} {[%emt 00:05:13]} 14. Rac1 {[%clk 01:09:31]} {[%emt 00:03:42]} Qd7
{[%clk 01:15:40]} {[%emt 00:00:34]} 15. Be1 {[%clk 01:06:30]} {[%emt 00:03:31]}
Rc6 {[%clk 01:13:32]} {[%emt 00:02:38]} 16. Qe2 {[%clk 01:02:30]} {[%emt
00:04:29]} Rfc8 {[%clk 01:12:41]} {[%emt 00:01:21]} 17. Nb1 {[%clk 01:02:38]}
{[%emt 00:00:23]} Rxc2 {[%clk 01:10:56]} {[%emt 00:02:15]} 18. Rxc2 {[%clk
01:01:29]} {[%emt 00:01:38]} g6 {[%clk 01:09:49]} {[%emt 00:01:37]} 19. b3
{[%clk 01:00:59]} {[%emt 00:01:01]} Rxc2 {[%clk 01:09:17]} {[%emt 00:01:02]} 20.
Qxc2 {[%clk 01:01:22]} {[%emt 00:00:06]} Qc8 {[%clk 01:09:03]} {[%emt
00:00:44]} 21. f3 {[%clk 01:00:23]} {[%emt 00:01:29]} Qxc2 {[%clk 01:09:07]}
{[%emt 00:00:27]} 22. Bxc2 {[%clk 01:00:47]} {[%emt 00:00:05]} Nc8 {[%clk
01:09:16]} {[%emt 00:00:21]} 23. Kf1 {[%clk 00:50:52]} {[%emt 00:10:25]} Na7
{[%clk 01:09:13]} {[%emt 00:00:33]} 24. Ke2 {[%clk 00:49:50]} {[%emt 00:01:32]}
Nc6 {[%clk 01:09:17]} {[%emt 00:00:26]} 25. a3 {[%clk 00:44:25]} {[%emt
00:05:56]} Ne8 {[%clk 01:09:02]} {[%emt 00:00:44]} 26. Bc3 {[%clk 00:44:39]}
{[%emt 00:00:16]} Nc7 {[%clk 01:02:33]} {[%emt 00:07:00]} 27. Bb2 {[%clk
00:44:50]} {[%emt 00:00:19]} Kf8 {[%clk 01:02:37]} {[%emt 00:00:26]} 28. Nc3
{[%clk 00:42:14]} {[%emt 00:03:06]} b5 {[%clk 01:01:55]} {[%emt 00:01:12]} 29.
Nd1 {[%clk 00:42:19]} {[%emt 00:00:24]} Bd6 {[%clk 00:58:29]} {[%emt 00:03:57]}
30. f4 {[%clk 00:34:26]} {[%emt 00:08:23]} f6 {[%clk 00:57:05]} {[%emt
00:01:54]} 31. Nf2 {[%clk 00:30:54]} {[%emt 00:04:02]} e5 {[%clk 00:43:17]}
{[%emt 00:14:18]} 32. dxe5 {[%clk 00:27:15]} {[%emt 00:04:08]} fxe5 {[%clk
00:43:39]} {[%emt 00:00:08]} 33. Nd3 {[%clk 00:23:55]} {[%emt 00:03:50]} exf4
{[%clk 00:42:12]} {[%emt 00:01:57]} 34. exf4 {[%clk 00:23:13]} {[%emt
00:01:12]} Ne6 {[%clk 00:42:13]} {[%emt 00:00:29]} 35. Ke3 {[%clk 00:22:53]}
{[%emt 00:00:51]} Bc7 {[%clk 00:28:47]} {[%emt 00:13:56]} 36. Bd1 {[%clk
00:20:22]} {[%emt 00:03:01]} Bb6+ {[%clk 00:28:49]} {[%emt 00:00:28]} 37. Kd2
{[%clk 00:20:37]} {[%emt 00:00:14]} Ned4 {[%clk 00:28:25]} {[%emt 00:00:55]} 38.
b4 {[%clk 00:16:46]} {[%emt 00:04:21]} Ke7 {[%clk 00:26:30]} {[%emt 00:02:25]}
39. g4 {[%clk 00:12:04]} {[%emt 00:05:12]} a5 {[%clk 00:25:54]} {[%emt
00:01:07]} 40. Bxd4 {[%clk 00:09:35]} {[%emt 00:02:58]} Nxd4 {[%clk 00:24:30]}
{[%emt 00:01:54]} 41. g5 {[%clk 00:08:28]} {[%emt 00:01:37]} Nf5 {[%clk
00:23:06]} {[%emt 00:01:55]} 42. Ke2 {[%clk 00:06:24]} {[%emt 00:02:34]} Kd6
{[%clk 00:21:32]} {[%emt 00:02:04]} 43. bxa5 {[%clk 00:06:27]} {[%emt
00:00:27]} Bxa5 {[%clk 00:21:58]} {[%emt 00:00:04]} 44. Kf3 {[%clk 00:06:47]}
{[%emt 00:00:09]} Bc3 {[%clk 00:21:33]} {[%emt 00:00:55]} 45. Kf2 {[%clk
00:06:22]} {[%emt 00:00:55]} Bd4+ {[%clk 00:21:18]} {[%emt 00:00:46]} 46. Ke2
{[%clk 00:06:22]} {[%emt 00:00:30]} Ng3+ {[%clk 00:20:19]} {[%emt 00:01:29]} 47.
Kd2 {[%clk 00:06:02]} {[%emt 00:00:49]} Ne4+ {[%clk 00:20:06]} {[%emt
00:00:44]} 48. Kc2 {[%clk 00:06:15]} {[%emt 00:00:16]} Be3 {[%clk 00:19:21]}
{[%emt 00:01:15]} 49. h4 {[%clk 00:04:39]} {[%emt 00:02:06]} Bc5 {[%clk
00:13:13]} {[%emt 00:06:38]} 50. Nxc5 {[%clk 00:03:57]} {[%emt 00:01:12]} Kxc5
{[%clk 00:13:39]} {[%emt 00:00:05]} 51. h5 {[%clk 00:04:01]} {[%emt 00:00:26]}
Kd4 {[%clk 00:11:58]} {[%emt 00:02:11]} 52. hxg6 {[%clk 00:02:01]} {[%emt
00:02:29]} hxg6 {[%clk 00:12:23]} {[%emt 00:00:05]} 53. Bf3 {[%clk 00:00:33]}
{[%emt 00:01:59]} Nd6 {[%clk 00:08:35]} {[%emt 00:04:18]} 54. Kb3 {[%clk
00:00:51]} {[%emt 00:00:12]} Ke3 {[%clk 00:06:22]} {[%emt 00:02:43]} 55. Bxd5
{[%clk 00:00:34]} {[%emt 00:00:48]} Kxf4 {[%clk 00:06:36]} {[%emt 00:00:15]} 56.
Kb4 {[%clk 00:00:43]} {[%emt 00:00:21]} Kxg5 {[%clk 00:04:35]} {[%emt
00:02:31]} 57. Kc5 {[%clk 00:00:58]} {[%emt 00:00:15]} Nc4 {[%clk 00:03:19]}
{[%emt 00:01:45]} 58. Bxc4 {[%clk 00:01:13]} {[%emt 00:00:15]} bxc4 {[%clk
00:03:46]} {[%emt 00:00:04]} 59. Kxc4 {[%clk 00:01:38]} {[%emt 00:00:05]} Kf4
{[%clk 00:04:08]} {[%emt 00:00:08]} 60. a4 {[%clk 00:01:57]} {[%emt 00:00:10]}
Ke5 {[%clk 00:04:22]} {[%emt 00:00:15]} 61. a5 {[%clk 00:01:55]} {[%emt
00:00:33]} Kd6 {[%clk 00:04:48]} {[%emt 00:00:05]} 62. Kd4 {[%clk 00:02:16]}
{[%emt 00:00:09]} Kc6 {[%clk 00:05:10]} {[%emt 00:00:08]} 63. Ke5 {[%clk
00:02:41]} {[%emt 00:00:05]} Kb5 {[%clk 00:05:36]} {[%emt 00:00:05]} 64. Kf6
{[%clk 00:03:06]} {[%emt 00:00:04]} Kxa5 {[%clk 00:06:02]} {[%emt 00:00:04]} 65.
Kxg6 {[%clk 00:03:32]} {[%emt 00:00:03]}  1/2-1/2

[Event "Hull 4NCL International GM Event"]
[Site "Hull"]
[Date "2019.11.01"]
[Round "5"]
[Board "4"]
[White "Eggleston, David J"]
[Black "Harvey, Marcus R"]
[Result "1-0"]
[WhiteElo "2394"]
[BlackElo "2405"]
[PlyCount "0"]
[EventDate "2019.10.30"]
[EventRounds "9"]
[EventCountry "ENG"]

1. e4 {[%clk 01:30:59]} c6 {[%clk 01:30:33]} {[%emt 00:00:27]} 2. d4 {[%clk
01:29:04]} {[%emt 00:02:25]} d5 {[%clk 01:30:52]} {[%emt 00:00:11]} 3. exd5
{[%clk 01:28:31]} {[%emt 00:01:03]} cxd5 {[%clk 01:31:16]} {[%emt 00:00:05]} 4.
c4 {[%clk 01:28:57]} {[%emt 00:00:06]} Nf6 {[%clk 01:31:32]} {[%emt 00:00:14]}
5. Nc3 {[%clk 01:28:48]} {[%emt 00:00:39]} e6 {[%clk 01:31:43]} {[%emt
00:00:19]} 6. Nf3 {[%clk 01:29:01]} {[%emt 00:00:17]} Be7 {[%clk 01:31:31]}
{[%emt 00:00:42]} 7. cxd5 {[%clk 01:26:05]} {[%emt 00:03:26]} exd5 {[%clk
01:30:43]} {[%emt 00:01:17]} 8. Bd3 {[%clk 01:25:55]} {[%emt 00:00:40]} O-O
{[%clk 01:31:06]} {[%emt 00:00:07]} 9. h3 {[%clk 01:24:43]} {[%emt 00:01:42]}
Bb4 {[%clk 01:26:21]} {[%emt 00:05:15]} 10. O-O {[%clk 01:23:28]} {[%emt
00:01:45]} Bxc3 {[%clk 01:26:21]} {[%emt 00:00:30]} 11. bxc3 {[%clk 01:23:51]}
{[%emt 00:00:07]} Qc7 {[%clk 01:26:16]} {[%emt 00:00:35]} 12. Qc2 {[%clk
01:20:19]} {[%emt 00:04:01]} Re8 {[%clk 01:25:25]} {[%emt 00:01:22]} 13. Ne5
{[%clk 01:18:45]} {[%emt 00:02:04]} b6 {[%clk 01:12:21]} {[%emt 00:13:35]} 14.
Bg5 {[%clk 01:06:41]} {[%emt 00:12:33]} Ne4 {[%clk 01:02:12]} {[%emt 00:10:39]}
15. Bxe4 {[%clk 01:06:38]} {[%emt 00:00:33]} dxe4 {[%clk 01:02:36]} {[%emt
00:00:05]} 16. Qxe4 {[%clk 01:07:02]} {[%emt 00:00:07]} Qb7 {[%clk 01:02:10]}
{[%emt 00:00:57]} 17. Qxb7 {[%clk 01:04:18]} {[%emt 00:03:15]} Bxb7 {[%clk
01:02:37]} {[%emt 00:00:02]} 18. Nc4 {[%clk 00:58:20]} {[%emt 00:06:28]} Ba6
{[%clk 00:59:47]} {[%emt 00:03:21]} 19. Nd6 {[%clk 00:57:35]} {[%emt 00:01:14]}
Re6 {[%clk 00:55:51]} {[%emt 00:04:25]} 20. Rfe1 {[%clk 00:57:32]} {[%emt
00:00:33]} h6 {[%clk 00:56:04]} {[%emt 00:00:18]} 21. Bf4 {[%clk 00:52:50]}
{[%emt 00:05:11]} Nd7 {[%clk 00:53:43]} {[%emt 00:02:52]} 22. Rxe6 {[%clk
00:52:22]} {[%emt 00:00:58]} fxe6 {[%clk 00:54:07]} {[%emt 00:00:06]} 23. Re1
{[%clk 00:52:46]} {[%emt 00:00:06]} Nf8 {[%clk 00:53:09]} {[%emt 00:01:28]} 24.
c4 {[%clk 00:51:56]} {[%emt 00:01:20]} Bc8 {[%clk 00:51:28]} {[%emt 00:02:11]}
25. Nb5 {[%clk 00:45:38]} {[%emt 00:06:48]} Bb7 {[%clk 00:45:35]} {[%emt
00:06:23]} 26. Bd6 {[%clk 00:41:32]} {[%emt 00:04:36]} a6 {[%clk 00:34:36]}
{[%emt 00:11:30]} 27. Nc7 {[%clk 00:41:04]} {[%emt 00:00:58]} Rc8 {[%clk
00:35:02]} {[%emt 00:00:04]} 28. c5 {[%clk 00:37:43]} {[%emt 00:03:51]} bxc5
{[%clk 00:35:01]} {[%emt 00:00:31]} 29. dxc5 {[%clk 00:38:03]} {[%emt
00:00:10]} Nd7 {[%clk 00:35:08]} {[%emt 00:00:23]} 30. Rc1 {[%clk 00:36:32]}
{[%emt 00:02:01]} Bd5 {[%clk 00:33:28]} {[%emt 00:02:10]} 31. Nxd5 {[%clk
00:24:44]} {[%emt 00:12:18]} exd5 {[%clk 00:33:27]} {[%emt 00:00:31]} 32. Rd1
{[%clk 00:21:17]} {[%emt 00:03:57]} Kf7 {[%clk 00:33:09]} {[%emt 00:00:48]} 33.
Re1 {[%clk 00:20:35]} {[%emt 00:01:12]} Kf6 {[%clk 00:33:13]} {[%emt 00:00:26]}
34. Rd1 {[%clk 00:14:05]} {[%emt 00:07:00]} Ke6 {[%clk 00:33:29]} {[%emt
00:00:14]} 35. Re1+ {[%clk 00:14:23]} {[%emt 00:00:13]} Kf6 {[%clk 00:33:55]}
{[%emt 00:00:04]} 36. f4 {[%clk 00:11:56]} {[%emt 00:02:57]} Rc6 {[%clk
00:34:08]} {[%emt 00:00:17]} 37. g4 {[%clk 00:11:46]} {[%emt 00:00:39]} Nxc5
{[%clk 00:34:18]} {[%emt 00:00:21]} 38. Be5+ {[%clk 00:12:08]} {[%emt
00:00:07]} Ke6 {[%clk 00:33:19]} {[%emt 00:01:29]} 39. f5+ {[%clk 00:11:19]}
{[%emt 00:01:20]} Kd7 {[%clk 00:33:34]} {[%emt 00:00:14]} 40. Bxg7 {[%clk
00:11:30]} {[%emt 00:00:19]} Ne4 {[%clk 00:32:11]} {[%emt 00:01:53]} 41. Rd1
{[%clk 00:11:47]} {[%emt 00:00:13]} Ke7 {[%clk 00:29:30]} {[%emt 00:03:12]} 42.
Rxd5 {[%clk 00:11:35]} {[%emt 00:00:42]} Rc1+ {[%clk 00:29:47]} {[%emt
00:00:13]} 43. Kg2 {[%clk 00:11:49]} {[%emt 00:00:15]} Rc2+ {[%clk 00:30:03]}
{[%emt 00:00:14]} 44. Kf3 {[%clk 00:11:53]} {[%emt 00:00:24]} Ng5+ {[%clk
00:30:10]} {[%emt 00:00:24]} 45. Kg3 {[%clk 00:10:49]} {[%emt 00:01:33]} Rxa2
{[%clk 00:29:32]} {[%emt 00:01:10]} 46. Bxh6 {[%clk 00:10:55]} {[%emt
00:00:23]} Ra3+ {[%clk 00:29:46]} {[%emt 00:00:16]} 47. Kh4 {[%clk 00:09:42]}
{[%emt 00:01:42]} Nxh3 {[%clk 00:30:09]} {[%emt 00:00:08]} 48. Re5+ {[%clk
00:09:48]} {[%emt 00:00:23]} Kf7 {[%clk 00:30:06]} {[%emt 00:00:33]} 49. Be3
{[%clk 00:09:56]} {[%emt 00:00:22]}  1-0

[Event "Hull 4NCL International GM Event"]
[Site "Hull"]
[Date "2019.11.01"]
[Round "5"]
[Board "5"]
[White "Haria, Ravi"]
[Black "Gonda, Laszlo"]
[Result "1/2-1/2"]
[WhiteElo "2463"]
[BlackElo "2541"]
[PlyCount "0"]
[EventDate "2019.10.30"]
[EventRounds "9"]
[EventCountry "ENG"]

1. e4 {[%clk 01:30:33]} {[%emt 00:00:26]} c5 {[%clk 01:30:55]} {[%emt
00:00:05]} 2. Nf3 {[%clk 01:30:58]} {[%emt 00:00:05]} e6 {[%clk 01:31:23]}
{[%emt 00:00:03]} 3. b3 {[%clk 01:30:54]} {[%emt 00:00:35]} b6 {[%clk
01:31:38]} {[%emt 00:00:14]} 4. Bb2 {[%clk 01:30:46]} {[%emt 00:00:37]} Bb7
{[%clk 01:31:43]} {[%emt 00:00:26]} 5. Nc3 {[%clk 01:31:10]} {[%emt 00:00:06]}
a6 {[%clk 01:14:53]} {[%emt 00:17:19]} 6. d4 {[%clk 01:27:46]} {[%emt
00:03:54]} cxd4 {[%clk 01:14:24]} {[%emt 00:00:59]} 7. Qxd4 {[%clk 01:26:10]}
{[%emt 00:02:07]} Nc6 {[%clk 00:58:19]} {[%emt 00:16:35]} 8. Qd2 {[%clk
01:26:17]} {[%emt 00:00:21]} d6 {[%clk 00:58:22]} {[%emt 00:00:29]} 9. g4
{[%clk 01:21:17]} {[%emt 00:05:29]} Ne5 {[%clk 00:51:52]} {[%emt 00:07:00]} 10.
Qe2 {[%clk 00:43:51]} {[%emt 00:37:57]} Nxf3+ {[%clk 00:45:51]} {[%emt
00:06:32]} 11. Qxf3 {[%clk 00:44:13]} {[%emt 00:00:07]} h5 {[%clk 00:46:09]}
{[%emt 00:00:11]} 12. gxh5 {[%clk 00:41:13]} {[%emt 00:03:31]} Qg5 {[%clk
00:41:57]} {[%emt 00:04:43]} 13. Qg3 {[%clk 00:38:20]} {[%emt 00:03:23]} Qxh5
{[%clk 00:38:35]} {[%emt 00:03:52]} 14. Be2 {[%clk 00:36:46]} {[%emt 00:02:03]}
Qh6 {[%clk 00:37:03]} {[%emt 00:02:02]} 15. Bc1 {[%clk 00:29:45]} {[%emt
00:07:30]} Qh3 {[%clk 00:36:29]} {[%emt 00:01:05]} 16. Bf3 {[%clk 00:26:41]}
{[%emt 00:03:35]} Be7 {[%clk 00:19:46]} {[%emt 00:17:13]} 17. Bg2 {[%clk
00:20:10]} {[%emt 00:07:00]} Qxg3 {[%clk 00:12:49]} {[%emt 00:07:27]} 18. hxg3
{[%clk 00:19:36]} {[%emt 00:01:04]} Rxh1+ {[%clk 00:13:09]} {[%emt 00:00:10]}
19. Bxh1 {[%clk 00:20:01]} {[%emt 00:00:04]} Nf6 {[%clk 00:13:16]} {[%emt
00:00:24]} 20. Bb2 {[%clk 00:17:30]} {[%emt 00:03:01]} b5 {[%clk 00:09:46]}
{[%emt 00:04:00]} 21. a3 {[%clk 00:16:17]} {[%emt 00:01:44]} Rc8 {[%clk
00:09:41]} {[%emt 00:00:35]} 22. Kd2 {[%clk 00:14:40]} {[%emt 00:02:06]} Ng4
{[%clk 00:07:01]} {[%emt 00:03:10]} 23. f3 {[%clk 00:10:51]} {[%emt 00:04:18]}
Nf6 {[%clk 00:05:53]} {[%emt 00:01:39]} 24. f4 {[%clk 00:10:01]} {[%emt
00:01:20]} Bc6 {[%clk 00:05:19]} {[%emt 00:01:04]} 25. Bf3 {[%clk 00:09:44]}
{[%emt 00:00:46]} Kd7 {[%clk 00:05:19]} {[%emt 00:00:31]} 26. Rh1 {[%clk
00:06:51]} {[%emt 00:03:22]} Rg8 {[%clk 00:05:35]} {[%emt 00:00:14]} 27. Ke3
{[%clk 00:06:28]} {[%emt 00:00:53]} g5 {[%clk 00:04:55]} {[%emt 00:01:10]} 28.
Kf2 {[%clk 00:01:36]} {[%emt 00:05:21]} gxf4 {[%clk 00:04:12]} {[%emt
00:01:14]} 29. gxf4 {[%clk 00:02:04]} {[%emt 00:00:02]} Bd8 {[%clk 00:04:13]}
{[%emt 00:00:30]} 30. Bc1 {[%clk 00:01:14]} {[%emt 00:01:19]} Ba5 {[%clk
00:03:48]} {[%emt 00:00:55]} 31. b4 {[%clk 00:01:33]} {[%emt 00:00:10]} Bb6+
{[%clk 00:04:16]} {[%emt 00:00:02]} 32. Be3 {[%clk 00:01:41]} {[%emt 00:00:22]}
Ng4+ {[%clk 00:04:20]} {[%emt 00:00:26]} 33. Bxg4 {[%clk 00:02:08]} {[%emt
00:00:03]} Bxe3+ {[%clk 00:04:47]} {[%emt 00:00:03]} 34. Kxe3 {[%clk 00:02:29]}
{[%emt 00:00:08]} Rxg4 {[%clk 00:05:13]} {[%emt 00:00:04]} 35. Ne2 {[%clk
00:00:58]} {[%emt 00:02:01]} e5 {[%clk 00:04:45]} {[%emt 00:00:59]} 36. Rh7
{[%clk 00:00:44]} {[%emt 00:00:43]} Ke7 {[%clk 00:02:58]} {[%emt 00:02:17]} 37.
Kf3 {[%clk 00:00:50]} {[%emt 00:00:24]} Rg8 {[%clk 00:02:58]} {[%emt 00:00:30]}
38. Ng3 {[%clk 00:01:03]} {[%emt 00:00:18]} Bd7 {[%clk 00:03:22]} {[%emt
00:00:07]} 39. fxe5 {[%clk 00:00:44]} {[%emt 00:00:48]} dxe5 {[%clk 00:03:47]}
{[%emt 00:00:05]} 40. Rh6 {[%clk 00:00:47]} {[%emt 00:00:27]} Rc8 {[%clk
00:02:34]} {[%emt 00:01:44]} 41. Nf5+ {[%clk 00:00:49]} {[%emt 00:00:27]} Bxf5
{[%clk 00:01:39]} {[%emt 00:01:25]} 42. exf5 {[%clk 00:01:18]} {[%emt
00:00:01]} Rc3+ {[%emt 00:01:40]} 43. Ke4 {[%clk 00:01:30]} {[%emt 00:00:16]}
Rxc2 {[%clk 00:00:33]} {[%emt 00:00:28]} 44. Kxe5 {[%clk 00:01:13]} {[%emt
00:00:47]} Re2+ {[%clk 00:00:38]} {[%emt 00:00:26]} 45. Kd5 {[%clk 00:01:38]}
{[%emt 00:00:05]} Rf2 {[%clk 00:00:52]} {[%emt 00:00:16]} 46. Rxa6 {[%clk
00:01:10]} {[%emt 00:00:57]} Rxf5+ {[%clk 00:01:18]} {[%emt 00:00:04]} 47. Kc6
{[%clk 00:00:37]} {[%emt 00:01:03]} Re5 {[%clk 00:00:36]} {[%emt 00:01:12]} 48.
Ra7+ {[%clk 00:01:01]} {[%emt 00:00:06]} Ke6 {[%clk 00:00:58]} {[%emt
00:00:07]} 49. a4 {[%clk 00:01:10]} {[%emt 00:00:21]} bxa4 {[%clk 00:01:20]}
{[%emt 00:00:09]} 50. Rxa4 {[%clk 00:01:35]} {[%emt 00:00:05]} Re4 {[%clk
00:00:50]} {[%emt 00:01:00]} 51. Kc5 {[%clk 00:01:14]} {[%emt 00:00:50]} Kd7
{[%clk 00:00:54]} {[%emt 00:00:27]} 52. Ra7+ {[%clk 00:01:36]} {[%emt
00:00:08]} Kc8 {[%clk 00:01:18]} {[%emt 00:00:06]} 53. Rxf7 {[%clk 00:01:53]}
{[%emt 00:00:12]} Re6 {[%clk 00:01:38]} {[%emt 00:00:09]}  1/2-1/2